| 000 | 00493nam a2200169Ia 4500 | ||
|---|---|---|---|
| 003 | GCL | ||
| 008 | 140319s9999 xx 000 0 ara d | ||
| 040 |
_aGCL / _cGCL |
||
| 082 | 0 | 4 |
_a275.3 _bم ب |
| 245 | 1 | 0 |
_aالبابا كيرلس السادس : _bتاريخ وامجاد |
| 260 |
_aالقاهرة : _bمكتبة مارمينا |
||
| 300 |
_a367 ص ؛ _c24 سم |
||
| 650 | 0 | 4 | _aالاساقفة |
| 650 | 0 | 4 | _aالقساوسة |
| 650 | 0 | 4 | _aالمسيحية - تراجم |
| 942 |
_2ddc _cBK |
||
| 999 |
_c5284 _d5284 |
||